header

Identity and change in East Asian conflicts (Record no. 138526)

MARC details
000 -LEADER
fixed length control field 01488nam a2200373Ia 4500
245 00 - TITLE STATEMENT
Title Identity and change in East Asian conflicts
250 ## - EDITION STATEMENT
Edition statement 1st ed.
260 ## - PUBLICATION, DISTRIBUTION, ETC. (IMPRINT)
Place of publication New York :
Name of publisher Palgrave Macmillan,
Year of publication 2007.
300 ## - PHYSICAL DESCRIPTION
Number of Pages xii, 243 p. :
Other physical details ill.
650 #0 - SUBJECT ADDED ENTRY--TOPICAL TERM
Topical Term Conflict management
Topical Term National security
700 1# - ADDED ENTRY--PERSONAL NAME
Personal name Horowitz, Shale Asher.
Personal name Heo, Uk,
Personal name Tan, Alexander C.
856 40 - ELECTRONIC LOCATION AND ACCESS
Uniform Resource Identifier http://site.ebrary.com/lib/rucke/Doc?id=10171518

No items available.

© 2026 Rongo University
Contact us: librarian | system librarian | Rongo university